| 000 | 00837nam a2200229Ia 4500 | ||
|---|---|---|---|
| 001 | 6538 | ||
| 003 | GE_BSU | ||
| 008 | 181216s||||||||xx |||||||||||||| ||und|| | ||
| 040 | _cGE_BSU | ||
| 080 | _a82-93 | ||
| 100 | _aბეზარიშვილი,ნინო. | ||
| 245 | _aმეზღაპრის საჩუქარი. | ||
| 245 | _bმოთხრობები უმცრ.სასკოლო ასაკის ბავშვთათვის. | ||
| 245 | _cრედ:მ.ახვლედიან,მხატვ.:ნ.ხინველი. | ||
| 260 | _aთბილისი. | ||
| 260 | _bნაკადული. | ||
| 260 | _c1976. | ||
| 300 | _a300გვ;20სმ. | ||
| 653 | _aმეზღაპრის საჩუქარი. | ||
| 653 | _aმოთხრობები. | ||
| 942 | _cBK | ||
| 999 |
_c39932 _d39932 |
||